| 000 | 00858nam a2200313 a 4500 | ||
|---|---|---|---|
| 003 | AR-BaBNM | ||
| 005 | 20251128210441.0 | ||
| 008 | 082120s2002 ||||||||||||||000 | spa|| | ||
| 020 | _a987-9028-08-2 | ||
| 040 | _cAR-BaBNM | ||
| 245 | 0 | 0 |
_aCon las puras manos _bmujer y trabajo en regiones frutícolas de exportación |
| 260 |
_aBuenos Aires _bLa Colmena _c1998 |
||
| 300 |
_a122 p. _btablas |
||
| 504 | _aContiene bibliografía en p. 121-122 | ||
| 650 | 4 | _aAGRICULTURA | |
| 650 | 4 | _aINDUSTRIA | |
| 650 | 4 | _aTRABAJO | |
| 650 | 4 | _aFRUTAS | |
| 650 | 4 | _aPRODUCCION | |
| 650 | 4 | _aMUJERES | |
| 650 | 4 | _aDERECHOS DE LA MUJER | |
| 650 | 4 | _aHISTORIA DEL TRABAJO | |
| 651 | 4 | _aArgentina | |
| 651 | 4 | _aAmérica Latina | |
| 700 | 1 |
_aBendini, Mónica _ecompilador |
|
| 700 | 1 |
_aBonaccorsi, Nélida _ecompilador |
|
| 942 | _cBK | ||
| 998 | _cMariana | ||
| 999 |
_c15520 _d15520 |
||